Fruits by colors - Statistics

General Stats
  • This quiz has been taken 44 times
  • The average score is 8 of 17
Answer Stats
Hint Answer % Correct
Red (A) Apple
95%
Orange (O) Orange
93%
Yellow (B) Banana
88%
Green (L) Lime
79%
Dark Blue (B) Blueberry
71%
Dark Green (W) Watermelon
55%
Chartreuse (P) Pear
48%
Black (B) Blackberry
43%
Pink (P) Peach
43%
Indigo (P) Plum
43%
Brown (C) Coconut
31%
Magenta (D) Dragon Fruit
26%
Maroon (C) Cherry
24%
Light Blue (G) Grapes
19%
Violet (P) Passion Fruit
19%
Gray (C) Cantaloupe
14%
White (G) Ginger
5%
No matching quizzes found
Score Distribution
Percent of People with Each Score
Percentile by Number Answered
Your Score History
You have not taken this quiz